Kraje produkujące najwięcej energii elektycznej - Statystyki

Ogólne statystyki
  • Ten quiz został rozwiązany 116 razy
  • Średni wynik to 41 z 50
Statystyki odpowiedzi
Miliardy kWh Kraj % Poprawnych
5 883 Chiny
99%
156,9 Polska
99%
4 095 Stany Zjednoczone
99%
649,6 Kanada
98%
612,8 Niemcy
98%
1 031 Rosja
98%
529,1 Francja
97%
1 386 Indie
97%
302,7 Meksyk
97%
989,3 Japonia
96%
243,0 Australia
95%
567,9 Brazylia
95%
275,3 Włochy
95%
131,9 Argentyna
93%
318,2 Wielka brytania
93%
261,9 Turcja
92%
258,6 Hiszpania
91%
147,7 Norwegia
91%
152,9 Szwecja
91%
153,6 Ukraina
91%
183,5 Egipt
90%
234,5 Republika Południowej Afryki
89%
272,3 Iran
87%
526,0 Korea Południowa
86%
324,1 Arabia Saudyjska
85%
66,54 Finlandia
84%
235,4 Indonezja
84%
74,92 Kolumbia
83%
109,7 Pakistan
83%
60,78 Austria
81%
79,83 Belgia
79%
109,3 Holandia
79%
75,45 Irak
79%
59,01 Szwajcaria
79%
76,09 Chile
78%
109,3 Wenezuela
74%
158,2 Wietnam
74%
77,39 Czechy
73%
100,8 Kazachstan
73%
121,8 Zjednoczone Emiraty Arabskie
72%
181,5 Tajlandia
71%
148,3 Malezja
70%
66,89 Algieria
68%
63,09 Izrael
67%
61,78 Rumunia
66%
60,51 Bangladesz
64%
86,59 Filipiny
60%
246,1 Tajwan
46%
65,95 Kuwejt
44%
63,13 Paragwaj
37%
Nie znaleziono quizów pasujących do podanych kryteriów
Rozkład punktacji
Procent ludzi z każdym wynikiem
Percentyl według liczby udzielonych odpowiedzi
Twoja historia wyników
Nie rozwiązałeś tego quizu